000 01640cam a2200361 a 4500
999 _c4814
_d4814
001 16808269
003 GBCCL
005 20241126110527.0
008 110603s2012 nyu b 000 0 eng
010 _a 2011023306
020 _a9781451612264 (pbk.)
020 _a9781451612301 (ebk.)
035 _a(OCoLC)ocn731009589
040 _aDLC
_cDLC
_dIG#
_dYDXCP
_dBWX
_dBDX
_dDLC
050 0 0 _aBT761.3
_b.B76 2012
082 0 0 _a234
_223
_bBRO
100 1 _aBrown, Stephen W.
_97842
245 1 0 _aThree free sins :
_bGod's not mad at you /
_cSteve Brown.
246 3 _a3 free sins
246 3 0 _aGod's not mad at you
246 3 _aGod is not mad at you
250 _a1st Howard Books trade pbk. ed.
260 _aNew York :
_bHoward Books,
_c2012.
300 _axiv, 239 p. ;
_c22 cm.
500 _a"The reason we're so bad is that we're trying so hard to be good"--Cover.
504 _aIncludes bibliographical references.
505 0 _aThe impossible task of flying frogs -- How's it working for you so far? -- Repent! The end is near! -- Why can't we all just get along? -- Ain't gonna study war no more! -- The wuss factor -- When getting better doesn't matter -- The devil made me do it! -- A party down at the church -- Just don't let them! -- Are you crazy?
650 0 _aGrace (Theology)
_92990
650 0 _aSin
_xChristianity.
_9217
906 _a7
_bcbc
_corignew
_d1
_eecip
_f20
_gy-gencatlg
942 _2ddc
_cBK
_04